00411nam a2200157Ia 45000010006000000050017000060080041000230410008000640820016000721000031000882450081001192600009002003000028002096500008002376540008002451949420260306172657.0260306t1995||||xx |||||||||||||| ||spa|| aESP a340.09bV18 aValdivia Cano, RamiroeAUT 0aConflicto de leyes:bPanorama del Derecho Internacional Privado en el Perú c1995 a317 páginas :c19 cm. aGEN aCDE